000 00286nam a22001337a 4500
008 170602b xxu||||| |||| 00| 0 eng d
020 _a0394722000
041 _aeng
080 _a94
100 _a18
101 _aSHH
245 _aVISIONS OF HISTORY
_cTHOMPSON,E.P
942 _2udc
_cBK
999 _c15827
_d15827